000 01156nam a2200229Ia 4500
001 23751
003 GE_BSU
008 181216s||||||||xx |||||||||||||| ||und||
040 _cGE_BSU
080 _a94(3-11)
245 _aძველი აღმოსავლეთის ხალხთა ისტორიის ქრესტომათია
245 _cრედ. გრ. გიორგაძე. მხატვ. გ. ლომიძე
250 _aსაქ. სსრ მეცნ. აკად., ივ. ჯავახიშვილის სახ. ისტორიის, არქეოლოგიისა და ეთნოგრაფიის ინ-ტი
260 _aთბილისი
260 _bმეცნიერება
260 _c1990
300 _a375 გვ. ; 22 სმ.
541 _h8ლ.20თ.
653 _aძველი აღმოსავლეთის ისტორია - ქრესტომათიები
653 _aძველი აღმოსავლეთის ხალხთა ისტორიის ქრესტომათია
942 _cBK
999 _c56630
_d56630